Detalles MARC
| 000 -LEADER |
| campo de control de longitud fija |
03893cam a22004214i 4500 |
| 003 - IDENTIFICADOR DE NÚMERO DE CONTROL |
| campo de control |
PE-LiUPU |
| 005 - FECHA Y HORA DE LA ÚLTIMA TRANSACCIÓN |
| campo de control |
20250731183349.0 |
| 008 - DATOS DE LONGITUD FIJA--INFORMACIÓN GENERAL |
| campo de control de longitud fija |
101110m20112012enka b 001 0 eng d |
| 020 ## - NÚMERO INTERNACIONAL ESTÁNDAR DEL LIBRO |
| Número Internacional Estándar del Libro |
0470666161 |
| Información calificativa |
(v. 2 ; |
| -- |
pbk.) |
| 020 ## - NÚMERO INTERNACIONAL ESTÁNDAR DEL LIBRO |
| Número Internacional Estándar del Libro |
9780470666166 |
| Información calificativa |
(v. 2 ; |
| -- |
pbk.) |
| 035 ## - NÚMERO DE CONTROL DEL SISTEMA |
| Número de control de sistema |
(Sirsi) i9780470666166 |
| 040 ## - FUENTE DE CATALOGACIÓN |
| Centro catalogador/agencia de origen |
BTCTA |
| Lengua de catalogación |
spa |
| Centro/agencia transcriptor |
BTCTA |
| Centro/agencia modificador |
TXJ |
| -- |
ORU |
| -- |
CDX |
| -- |
BON |
| -- |
CUS |
| -- |
YDXCP |
| -- |
UTO |
| -- |
ERASA |
| -- |
VRC |
| -- |
BDX |
| -- |
YNK |
| -- |
UKMGB |
| -- |
IG$ |
| -- |
CUY |
| -- |
RBN |
| -- |
LGG |
| -- |
OMB |
| -- |
SYB |
| -- |
OCLCF |
| -- |
OCLCO |
| -- |
OCLCQ |
| -- |
PE-LiUPU |
| Normas de descripción |
rda |
| 049 ## - FONDOS LOCALES (OCLC) |
| Biblioteca depositaria |
PRUA |
| 082 04 - NÚMERO DE LA CLASIFICACIÓN DECIMAL DEWEY |
| Número de clasificación |
720.1 |
| Cutter |
S29 |
| Número de edición |
23 |
| 100 1# - ENTRADA PRINCIPAL--NOMBRE DE PERSONA |
| Nombre de persona |
Schumacher, Patrik, |
| Fechas asociadas al nombre |
1961-, |
| Término indicativo de función/relación |
autor. |
| 245 14 - MENCIÓN DEL TÍTULO |
| Título |
The autopoiesis of architecture / |
| Mención de responsabilidad, etc. |
Patrik Schumacher. |
| 264 ## - PRODUCCIÓN, PUBLICACIÓN, DISTRIBUCIÓN, FABRICACIÓN Y COPYRIGHT |
| Producción, publicación, distribución, fabricación y copyright |
Chichester : |
| Nombre del de productor, editor, distribuidor, fabricante |
J. Wiley, |
| Fecha de producción, publicación, distribución, fabricación o copyright |
2011-2012. |
| 300 ## - DESCRIPCIÓN FÍSICA |
| Extensión |
774 páginas : |
| Otras características físicas |
ilustraciones ; |
| Dimensiones |
23 centímetros. |
| 336 ## - TIPO DE CONTENIDO |
| -- |
ext |
| Fuente |
rdacontent |
| 337 ## - TIPO DE MEDIO |
| -- |
nmediated |
| Fuente |
rdamedia |
| 338 ## - TIPO DE SOPORTE |
| -- |
olume |
| Fuente |
rdacarrier |
| 504 ## - NOTA DE BIBLIOGRAFÍA, ETC. |
| Nota de bibliografía, etc. |
Bibliografía : páginas 759-774. |
| 504 ## - NOTA DE BIBLIOGRAFÍA, ETC. |
| -- |
ndice : páginas 748-757. |
| 505 0# - NOTA DE CONTENIDO CON FORMATO |
| Nota de contenido con formato |
A new agenda for architecture : The task of architecture : Functions ; Order via organization and articulation ; Organization ; Supplementing architecture with a science of configuration ; Articulation ; The phenomenological vs. the semiological dimension of architecture ; The phenomenological dimension of architectural articulation ; The semiological dimension of architectural articulation ; Prolegomenon to architecture's semiological project ; The semiological project and the general project of architectural order -- 7. The Design process : Contemporary context and aim of design process theory ; Towards a contemporary design process reflection and design methodology ; The design process as problem-solving process ; Differentiating classical, modern and contemporary processes ; Problem definition and problem structure ; Rationality, retrospective and prospective ; Modelling spaces -- 8. Architecture and society : World architecture within world society ; Autonomy vs. authority ; Architecture's conception of society ; Architecture in relation to other societal subsystems ; Architecture as profession and professional career ; The built environment as primordial condition of society -- 9. Architecture and politics : Is political architecture possible? ; Theorizing the relationship between architecture and politics ; Architecture adapts to political development ; The limitations of critical practice in architecture -- 10. Self-descriptions of architecture : Theoretical underpinnings ; The necessity of reflection theory ; Classic treatises ; Architectural historiography ; Architectural criticism -- 11. Parametricism: the parametric paradigm and the formation of a new style : Parametricism as epochal style ; The parametricist research programme ; Parametricist vs. modernist urbanism ; Elegance -- 12. Epilogue : The design of a theory : Theoretical foundation: communication theory vs. historical materialism? ; The theory of architectural autopoiesis as unified theory of architecture ; Notes on the architecture of the theory ; The theory as the result of contingent theory design decisions -- Concluding remarks -- Appendix 3. The autopoiesis of architecture in the context of three classic texts -- Appendix 4. Theses 25-60. |
| 526 ## - NOTA DE INFORMACIÓN SOBRE EL PROGRAMA DE ESTUDIO |
| Nombre del programa |
Maestría Bim Facility Management (A distancia) |
| 526 ## - NOTA DE INFORMACIÓN SOBRE EL PROGRAMA DE ESTUDIO |
| Nombre del programa |
|
| 526 ## - NOTA DE INFORMACIÓN SOBRE EL PROGRAMA DE ESTUDIO |
| Nombre del programa |
Educación musical y artes |
| 526 ## - NOTA DE INFORMACIÓN SOBRE EL PROGRAMA DE ESTUDIO |
| Nombre del programa |
Educación, especialidad educación física |
| 526 ## - NOTA DE INFORMACIÓN SOBRE EL PROGRAMA DE ESTUDIO |
| Nombre del programa |
Arquitectura |
| 541 ## - NOTA DE FUENTE DE ADQUISICIÓN DIRECTA |
| -- |
003-001191; |
| 596 ## - |
| -- |
1 |
| 650 14 - PUNTO DE ACCESO ADICIONAL DE MATERIA--TÉRMINO DE MATERIA |
| Término de materia o nombre geográfico como elemento de entrada |
Arquitectura |
| Subdivisión general |
Filosofía. |
| 650 24 - PUNTO DE ACCESO ADICIONAL DE MATERIA--TÉRMINO DE MATERIA |
| Término de materia o nombre geográfico como elemento de entrada |
Autopoiesis. |
| 942 ## - ELEMENTOS DE ENTRADA SECUNDARIOS (KOHA) |
| Fuente del sistema de clasificación o colocación |
Clasificación Decimal Dewey |
| Tipo de ítem Koha |
|
| 949 ## - PROCESAMIENTO DE INFORMACIÓN LOCAL (OCLC) |
| a |
720.1 S29 |
| w |
DEWEY |
| c |
1 |
| i |
73953 |
| l |
CCODEBUL1 |
| m |
BUL |
| p |
71.98 |
| r |
0 |
| s |
Y |
| t |
BOOK |
| u |
2016-6-28 |
| x |
INGENIERIA |
| -- |
P06 |
| 0 |
COMPRA |
| o |
.STAFF. Colección General |
| 994 ## - |
| -- |
C0 |
| -- |
PEPRU |
| 999 ## - NÚMEROS DE CONTROL DE SISTEMA (KOHA) |
| -- |
DEWEY |
| -- |
73953 |
| -- |
2021-11-9 |
| -- |
7 |
| -- |
CCODEBUL1 |
| -- |
BUL |
| -- |
71.98 |
| -- |
1 |
| -- |
0 |
| -- |
Y |
| -- |
BOOK |
| -- |
2016-6-28 |
| -- |
INGENIERIA |
| -- |
P06 |
| -- |
COMPRA |
| -- |
.STAFF. Colección General |
| 980 ## - EQUIVALENCIA O REFERENCIA-CRUZADA-MENCIÓN DE SERIE--NOMBRE DE PERSONA/TÍTULO [LOCAL, CANADÁ] |
| ID del último usuario que modificó el registro |
1 |
| Nombre del último usuario que modificó el registro |
ALBERTO SANCHEZ Responsable de Automatización |